[Event "4. Match Rusia vs. China 2007"]
[Site "Nizhniy Novgorod RUS"]
[Date "2007.08.24"]
[Round "5"]
[White "Huang Qian"]
[Black "Kosintseva, Nadezhda"]
[Result "1-0"]
[WhiteElo "2410"]
[BlackElo "2475"]
[PlyCount "115"]
[EventDate "2007.08.20"]
[EventType "team"]
[EventRounds "10"]
[EventCountry "RUS"]
[Source "lmi"]
[SourceDate "2007.08.18"]

1. d4 Nf6 2. c4 e6 3. Nc3 Bb4 4. Qc2 O-O 5. a3 Bxc3+ 6. Qxc3 d6 7. g3 e5 8.
dxe5 dxe5 9. Bg2 Nc6 10. Be3 Nd4 11. Rd1 c5 12. Bg5 h6 13. Bxf6 Qxf6 14. e3 Re8
15. h3 Bf5 16. Kf1 Nc6 17. g4 Be6 18. Be4 Rad8 19. Rxd8 Qxd8 20. Nf3 Qa5 21.
Qc2 Qa6 22. Kg2 Bxc4 23. Rc1 Be2 24. Qxc5 Bxf3+ 25. Kxf3 Re6 26. Kg2 g6 27. Rd1
Rf6 28. Qc2 Qb6 29. Rd7 Kg7 30. h4 g5 31. h5 Nd8 32. Qd2 Ne6 33. Rxb7 Qa6 34.
Rb8 Qc4 35. Qc2 Qxc2 36. Bxc2 Nc5 37. b4 Nd7 38. Rb7 Nb6 39. Rxa7 Nd5 40. Bb3
Nc3 41. a4 Ne4 42. f3 Nd2 43. Bd5 e4 44. fxe4 Nf1 45. Rxf7+ Rxf7 46. Bxf7 Nxe3+
47. Kf3 Nc2 48. Bc4 Nxb4 49. e5 Kf8 50. Ke4 Ke7 51. a5 Nc6 52. a6 Na7 53. Kd5
Kd7 54. Kc5 Kc7 55. Bb5 Nc8 56. e6 Ne7 57. Bd7 Ng8 58. Bc6 1-0

[Event "4. Match Rusia vs. China 2007"]
[Site "Nizhniy Novgorod RUS"]
[Date "2007.08.24"]
[Round "5"]
[White "Ruan, Lufei"]
[Black "Korbut, Ekaterina"]
[Result "1/2-1/2"]
[WhiteElo "2433"]
[BlackElo "2445"]
[PlyCount "160"]
[EventDate "2007.08.20"]
[EventType "team"]
[EventRounds "10"]
[EventCountry "RUS"]
[Source "lmi"]
[SourceDate "2007.08.18"]

1. e4 c5 2. Nf3 d6 3. d4 cxd4 4. Nxd4 Nf6 5. Nc3 a6 6. Be2 e5 7. Nb3 Be7 8. O-O
O-O 9. Kh1 b5 10. a4 b4 11. Nd5 Bb7 12. Nxe7+ Qxe7 13. f3 a5 14. Bg5 h6 15.
Bxf6 Qxf6 16. Qd2 Rd8 17. Rfd1 Nc6 18. Bb5 Ne7 19. Rac1 d5 20. Nc5 Bc6 21. Qe2
Ng6 22. Bxc6 Qxc6 23. Qb5 Qxb5 24. axb5 Rab8 25. Na6 Rxb5 26. Nc7 Rc5 27. Nxd5
Kf8 28. Kg1 Ne7 29. Ne3 Rd4 30. Kf2 Nc6 31. Ke1 g6 32. Nd5 f5 33. Nb6 Ke7 34.
Na4 Rcc4 35. exf5 gxf5 36. c3 bxc3 37. Nxc3 Ke6 38. Nb5 Rxd1+ 39. Rxd1 e4 40.
fxe4 fxe4 41. b3 Rc2 42. Nd4+ Nxd4 43. Rxd4 Ke5 44. Ra4 Rxg2 45. Rxa5+ Kd4 46.
Rh5 Rg6 47. b4 Kd3 48. Rd5+ Ke3 49. Kf1 Rf6+ 50. Ke1 Ra6 51. Ra5 Rb6 52. Rh5
Rxb4 53. Rh3+ Kd4 54. Rxh6 Ke3 55. Rh3+ Kf4 56. Rh4+ Kf3 57. Rh3+ Kg4 58. Rg3+
Kf4 59. Rh3 Rb2 60. Rh4+ Ke3 61. Rh3+ Kd4 62. Rh8 Kd3 63. Rd8+ Ke3 64. Kf1 Rxh2
65. Ra8 Rd2 66. Ke1 Rd3 67. Rh8 Rd7 68. Rh3+ Kf4 69. Ra3 Rh7 70. Rb3 Rh1+ 71.
Ke2 Rh2+ 72. Ke1 Ra2 73. Rc3 Ke5 74. Rb3 Kd5 75. Rh3 Kc4 76. Rg3 Ra7 77. Rh3
Kd4 78. Rb3 Ra1+ 79. Ke2 Ra4 80. Rh3 Ke5 1/2-1/2

[Event "4. Match Rusia vs. China 2007"]
[Site "Nizhniy Novgorod RUS"]
[Date "2007.08.26"]
[Round "6"]
[White "Bu Xiangzhi"]
[Black "Timofeev, Artyom"]
[Result "1/2-1/2"]
[WhiteElo "2685"]
[BlackElo "2650"]
[PlyCount "124"]
[EventDate "2007.08.20"]
[EventType "team"]
[EventRounds "10"]
[EventCountry "RUS"]
[Source "lmi"]
[SourceDate "2007.08.18"]

1. Nf3 c5 2. c4 Nf6 3. d4 cxd4 4. Nxd4 g6 5. Nc3 Nc6 6. e4 Nxd4 7. Qxd4 d6 8.
Bg5 Bg7 9. Be2 O-O 10. Qd2 Be6 11. Rc1 a6 12. f3 Qa5 13. b3 Rfc8 14. Na4 Qxd2+
15. Kxd2 Nd7 16. g4 Kf8 17. h4 Rab8 18. Nc3 Nc5 19. Be3 Bd7 20. h5 e6 21. Bf4
Be5 22. Bxe5 dxe5 23. hxg6 hxg6 24. b4 Na4 25. Nd1 a5 26. a3 axb4 27. axb4 Be8
28. g5 Ra8 29. Nf2 Nb2 30. Rc2 Rd8+ 31. Kc1 Na4 32. Bd3 Rd4 33. Kd2 b5 34. c5
Rxb4 35. Ng4 Nb2 36. Nxe5 Rd8 37. Ke2 Rb3 38. Rd2 Nxd3 39. Rxd3 Rdxd3 40. Nxd3
b4 41. Rh8+ Ke7 42. Kd2 Rc3 43. Rh1 Bb5 44. Nxb4 Rxc5 45. Rg1 f6 46. gxf6+ Kxf6
47. Nc2 Rg5 48. Rxg5 Kxg5 49. Ke3 e5 50. Kf2 Bd7 51. Kg3 Bc8 52. Nb4 Be6 53.
Nd3 Kf6 54. Kh4 Bc4 55. Nb4 Ke6 56. Kg5 Be2 57. f4 exf4 58. Kxf4 g5+ 59. Kxg5
Ke5 60. Nd5 Kxe4 61. Nc3+ Kd3 62. Nxe2 Kxe2 1/2-1/2

[Event "4. Match Rusia vs. China 2007"]
[Site "Nizhniy Novgorod RUS"]
[Date "2007.08.26"]
[Round "6"]
[White "Kosintseva, Tatiana"]
[Black "Zhao Xue"]
[Result "1/2-1/2"]
[WhiteElo "2502"]
[BlackElo "2500"]
[PlyCount "154"]
[EventDate "2007.08.20"]
[EventType "team"]
[EventRounds "10"]
[EventCountry "RUS"]
[Source "lmi"]
[SourceDate "2007.08.18"]

1. e4 e5 2. Nf3 Nc6 3. Bb5 a6 4. Ba4 Nf6 5. O-O Be7 6. d3 b5 7. Bb3 d6 8. a4
Bg4 9. c3 O-O 10. h3 Bd7 11. Bc2 b4 12. Nbd2 Rb8 13. d4 bxc3 14. bxc3 exd4 15.
cxd4 Nb4 16. Bb1 Bc6 17. d5 Bd7 18. Nc4 c6 19. Bf4 cxd5 20. Nxd6 dxe4 21. Nxe4
Rb6 22. Ne5 Be6 23. Be3 Rb8 24. Nc5 Qc8 25. Nxe6 Qxe6 26. Nf3 Rfd8 27. Qe2 Bc5
28. Ng5 Qd5 29. Bxc5 Qxc5 30. Ne4 Qe5 31. Nxf6+ Qxf6 32. Ra3 g6 33. Re1 Rd4 34.
Re3 Nd5 35. Re8+ Rxe8 36. Qxe8+ Kg7 37. Be4 Nf4 38. Qc8 Rxa4 39. g3 Ne6 40. Bd5
Ra1 41. Rxa1 Qxa1+ 42. Kg2 Qe5 43. Bc4 a5 44. Bxe6 fxe6 45. Qd7+ Kh6 46. Qe8
Qf6 47. h4 Kg7 48. Qb5 Qd8 49. Qb7+ Kg8 50. Qa7 h5 51. Kh2 Qd2 52. Kg2 Qb4 53.
Qd7 Qe4+ 54. Kg1 Qf5 55. Qd8+ Kg7 56. Qd4+ Kh7 57. Qd7+ Kh6 58. Qd8 Qe5 59.
Qf8+ Qg7 60. Qe8 Kh7 61. Qxe6 Qa7 62. Qa2 a4 63. Qa3 Qd7 64. Kh2 Kg7 65. Qc3+
Kf7 66. Qc4+ Kf8 67. Qb4+ Kg7 68. Qc3+ Kh7 69. Qa3 Qa7 70. Kg1 Kg8 71. Qa2+ Kf8
72. Qb2 Kf7 73. Qh8 Qe7 74. Qh7+ Kf6 75. Qh8+ Kf7 76. Qh7+ Kf6 77. Qh8+ Kf7
1/2-1/2

[Event "4. Match Rusia vs. China 2007"]
[Site "Nizhniy Novgorod RUS"]
[Date "2007.08.26"]
[Round "6"]
[White "Kosintseva, Nadezhda"]
[Black "Wang Yu"]
[Result "1/2-1/2"]
[WhiteElo "2475"]
[BlackElo "2384"]
[PlyCount "148"]
[EventDate "2007.08.20"]
[EventType "team"]
[EventRounds "10"]
[EventCountry "RUS"]
[Source "lmi"]
[SourceDate "2007.08.18"]

1. e4 e5 2. Nf3 Nf6 3. Nxe5 d6 4. Nf3 Nxe4 5. Nc3 Nxc3 6. dxc3 Be7 7. Be3 Nc6
8. Qd2 Ne5 9. O-O-O Nxf3 10. gxf3 Be6 11. Rg1 Rg8 12. Qd3 Qd7 13. Qxh7 O-O-O
14. Rxg7 Rh8 15. Qd3 Bf6 16. Rg1 Rxh2 17. Qb5 Qxb5 18. Bxb5 c5 19. a3 Kc7 20.
Be2 c4 21. f4 Re8 22. Rh1 Rxh1 23. Rxh1 d5 24. Bf3 Kc6 25. Rh6 Bg7 26. Rh7 Rg8
27. Rh5 Rh8 28. Rxh8 Bxh8 29. Bxa7 Bg7 30. Bd4 Bh6 31. Be5 f6 32. Bxf6 Bxf4+
33. Kd1 Bf5 34. Bd4 Kd6 35. Bh5 Bg5 36. Be3 Bxe3 37. fxe3 Ke5 38. Kd2 b6 39. b3
Bd7 40. Be2 b5 41. Bf3 Be8 42. Bg4 Bc6 43. Ke2 Ke4 44. Bh5 Ke5 45. Kf2 Bd7 46.
Ke2 Bc6 47. Bg4 Be8 48. Kd2 Bc6 49. Bc8 Kd6 50. Kc1 Be8 51. Kb2 Bc6 52. Bf5 Ke5
53. Bc8 Kd6 54. Ba6 Kc5 55. Bc8 Kd6 56. b4 Kc7 57. Bg4 Kd6 58. Kc1 Ke5 59. Kd2
Be8 60. Ke2 Ke4 61. Kf2 Ke5 62. Bc8 Bc6 63. Ke2 Ke4 64. Bh3 Ke5 65. Bg2 Be8 66.
Kd2 Bd7 67. e4 dxe4 68. Ke3 Bf5 69. Bf1 Bg4 70. Bg2 Bf5 71. Bf1 Bg4 72. Bg2 Bf5
73. Bh1 Bg6 74. Bg2 Bf5 1/2-1/2

[Event "4. Match Rusia vs. China 2007"]
[Site "Nizhniy Novgorod RUS"]
[Date "2007.08.27"]
[Round "7"]
[White "Jakovenko, Dmitrij"]
[Black "Bu Xiangzhi"]
[Result "1-0"]
[WhiteElo "2735"]
[BlackElo "2685"]
[PlyCount "85"]
[EventDate "2007.08.20"]
[EventType "team"]
[EventRounds "10"]
[EventCountry "RUS"]
[Source "lmi"]
[SourceDate "2007.08.18"]

1. e4 Nf6 2. e5 Nd5 3. d4 d6 4. Nf3 dxe5 5. Nxe5 c6 6. Bc4 Nd7 7. Nf3 N7b6 8.
Be2 Bg4 9. O-O e6 10. h3 Bh5 11. Ne5 Bxe2 12. Qxe2 Be7 13. c4 Nf6 14. Rd1 O-O
15. Nc3 Nbd7 16. Bf4 Re8 17. Rd3 Qa5 18. Rad1 Rad8 19. a3 Qa6 20. Qf3 Nb6 21.
c5 Nbd5 22. Bg5 Rf8 23. Ng4 Rfe8 24. Ne5 Rf8 25. h4 Nxc3 26. bxc3 h6 27. Bc1
Nd7 28. Ng4 f5 29. Nxh6+ gxh6 30. Qh5 Nf6 31. Rg3+ Ng4 32. f3 Qe2 33. Rf1 Rf7
34. fxg4 f4 35. Bxf4 e5 36. Qg6+ Rg7 37. Qe6+ Rf7 38. Re3 Qxf1+ 39. Kxf1 exf4
40. Re5 Bxh4 41. Qxh6 Bf6 42. Rf5 Rdf8 43. g5 1-0

[Event "4. Match Rusia vs. China 2007"]
[Site "Nizhniy Novgorod RUS"]
[Date "2007.08.27"]
[Round "7"]
[White "Zhao Xue"]
[Black "Kosintseva, Nadezhda"]
[Result "0-1"]
[WhiteElo "2500"]
[BlackElo "2475"]
[PlyCount "84"]
[EventDate "2007.08.20"]
[EventType "team"]
[EventRounds "10"]
[EventCountry "RUS"]
[Source "lmi"]
[SourceDate "2007.08.18"]

1. c4 Nf6 2. Nc3 c5 3. Nf3 b6 4. e4 d6 5. d4 cxd4 6. Nxd4 Bb7 7. f3 e6 8. Be3
Be7 9. Be2 O-O 10. O-O a6 11. Qd2 Qc7 12. Rfc1 Nbd7 13. b4 Rac8 14. Na4 Qb8 15.
Rab1 Qa8 16. Bf1 Bd8 17. Qf2 Ne5 18. c5 b5 19. Nb2 Be7 20. Nb3 d5 21. Bd4 Nc6
22. e5 Nd7 23. Nd3 a5 24. a3 a4 25. Nd2 Qb8 26. f4 f6 27. Qe3 fxe5 28. Nxe5
Ndxe5 29. Bxe5 d4 30. Bxd4 Nxd4 31. Qxd4 Rxf4 32. Qe3 Bd5 33. g3 Rf5 34. Bh3
Re5 35. Qc3 Bf6 36. Qc2 Re3 37. Nf1 Rxa3 38. Rd1 Qe5 39. Qf2 Rf8 40. Bg2 Ra2
41. Rxd5 Rxf2 42. Rxe5 Bxe5 0-1

[Event "4. Match Rusia vs. China 2007"]
[Site "Nizhniy Novgorod RUS"]
[Date "2007.08.27"]
[Round "7"]
[White "Kovalevskaya, Ekaterina"]
[Black "Ruan, Lufei"]
[Result "1/2-1/2"]
[WhiteElo "2454"]
[BlackElo "2433"]
[PlyCount "129"]
[EventDate "2007.08.20"]
[EventType "team"]
[EventRounds "10"]
[EventCountry "RUS"]
[Source "lmi"]
[SourceDate "2007.08.18"]

1. e4 e5 2. Nf3 Nc6 3. Bb5 Nf6 4. O-O Nxe4 5. d4 Nd6 6. Bxc6 dxc6 7. dxe5 Nf5
8. Qxd8+ Kxd8 9. Nc3 Ne7 10. Be3 Bg4 11. Nd4 Nd5 12. Ne4 Nxe3 13. fxe3 Ke8 14.
Rf4 Bh5 15. Raf1 Be7 16. Nf5 Rg8 17. g4 Bg6 18. h4 Rd8 19. Nxe7 Kxe7 20. Ng3
Rgf8 21. e4 h6 22. h5 Bh7 23. Nf5+ Bxf5 24. exf5 Rg8 25. Kg2 Rd2+ 26. R1f2
Rxf2+ 27. Kxf2 Rd8 28. Ke2 Rd5 29. Re4 c5 30. c4 Rd8 31. Rf4 b6 32. b3 a5 33.
f6+ Kf8 34. Rf3 Re8 35. Re3 Re6 36. fxg7+ Kxg7 37. Kf3 f6 38. Kf4 Kf7 39. Kf5
c6 40. a4 fxe5 41. Rxe5 Rf6+ 42. Ke4 Rd6 43. g5 hxg5 44. Rxg5 Rd4+ 45. Ke5 Rd3
46. h6 Rh3 47. Rg7+ Kf8 48. Rg6 Kf7 49. Rxc6 Rxb3 50. h7 Kg7 51. Rh6 Kh8 52.
Kd6 Rb4 53. Kd5 Rb1 54. Kc6 Rb2 55. Kb7 Rb4 56. Rh4 Rb2 57. Ka7 Rb1 58. Kb8 Rb4
59. Kc7 Rb2 60. Kc6 Rb4 61. Kb7 Rb2 62. Ka7 Rb1 63. Kb7 Rb2 64. Ka6 Rb4 65. Ka7
1/2-1/2

[Event "4. Match Rusia vs. China 2007"]
[Site "Nizhniy Novgorod RUS"]
[Date "2007.08.27"]
[Round "7"]
[White "Korbut, Ekaterina"]
[Black "Huang Qian"]
[Result "0-1"]
[WhiteElo "2445"]
[BlackElo "2410"]
[PlyCount "64"]
[EventDate "2007.08.20"]
[EventType "team"]
[EventRounds "10"]
[EventCountry "RUS"]
[Source "lmi"]
[SourceDate "2007.08.18"]

1. e4 c5 2. Nf3 d6 3. d4 cxd4 4. Nxd4 Nf6 5. Nc3 a6 6. Be3 e5 7. Nb3 Be7 8. Qd2
O-O 9. O-O-O Ng4 10. g3 Nxe3 11. Qxe3 b5 12. f4 Bb7 13. a3 Nd7 14. Kb1 Qc7 15.
h4 Rab8 16. f5 Nb6 17. Nd5 Bxd5 18. exd5 e4 19. Qxe4 Bf6 20. c3 Rfe8 21. Qf3
Na4 22. Nd4 a5 23. Rh2 b4 24. cxb4 axb4 25. Rc2 Qb6 26. Rc6 Qb7 27. Ba6 Qe7 28.
Rc4 Qa7 29. Bb5 Nxb2 30. Nc6 Qxa3 31. Qxa3 bxa3 32. Nxb8 Rxb8 0-1

[Event "4. Match Rusia vs. China 2007"]
[Site "Nizhniy Novgorod RUS"]
[Date "2007.08.28"]
[Round "8"]
[White "Korbut, Ekaterina"]
[Black "Wang Yu"]
[Result "1/2-1/2"]
[WhiteElo "2445"]
[BlackElo "2384"]
[PlyCount "128"]
[EventDate "2007.08.20"]
[EventType "team"]
[EventRounds "10"]
[EventCountry "RUS"]
[Source "lmi"]
[SourceDate "2007.08.18"]

1. e4 e5 2. Nf3 Nf6 3. Nxe5 d6 4. Nf3 Nxe4 5. Nc3 Nxc3 6. dxc3 Be7 7. Be3 Nc6
8. Qd2 Ne5 9. O-O-O Nxf3 10. gxf3 Be6 11. Rg1 g6 12. Qd4 O-O 13. Qf4 Bf6 14.
Bd4 Kg7 15. h4 Bxd4 16. Rxd4 Qf6 17. Qd2 Bf5 18. Rf4 Qe5 19. Rg5 Kh8 20. Bd3 f6
21. Rg1 Bxd3 22. cxd3 Rae8 23. Re4 Qh5 24. Rge1 Rxe4 25. Rxe4 Kg7 26. Qf4 Rf7
27. Kc2 Qc5 28. Re2 d5 29. b4 Qd6 30. Qxd6 cxd6 31. Re6 Rd7 32. Kd2 Kf7 33. Re1
h5 34. f4 Re7 35. Rg1 b5 36. a4 bxa4 37. f5 gxf5 38. f4 d4 39. Ra1 Ke6 40. Rxa4
Rg7 41. c4 Rg2+ 42. Ke1 Rg3 43. Rxa7 Rxd3 44. b5 Rb3 45. Ra6 Rb4 46. Rc6 Kd7
47. Kd2 d5 48. Rxf6 dxc4 49. Rxf5 Ke6 50. Rxh5 Rb2+ 51. Kd1 c3 52. Rc5 Rf2 53.
b6 Rb2 54. h5 Rxb6 55. Ke2 Kf7 56. Kd3 Rd6 57. Rg5 Rc6 58. Rg1 Rd6 59. Rg5 Rc6
60. Rg2 Rd6 61. Rg1 Rd5 62. h6 Rh5 63. Kxd4 Rxh6 64. Kxc3 Rh4 1/2-1/2

[Event "4. Match Rusia vs. China 2007"]
[Site "Nizhniy Novgorod RUS"]
[Date "2007.08.28"]
[Round "8"]
[White "Ni Hua"]
[Black "Jakovenko, Dmitrij"]
[Result "0-1"]
[WhiteElo "2681"]
[BlackElo "2735"]
[PlyCount "82"]
[EventDate "2007.08.20"]
[EventType "team"]
[EventRounds "10"]
[EventCountry "RUS"]
[Source "lmi"]
[SourceDate "2007.08.18"]

1. e4 c5 2. Nf3 e6 3. d4 cxd4 4. Nxd4 Nc6 5. Nc3 Qc7 6. Be2 a6 7. O-O Nf6 8.
Kh1 Be7 9. f4 d6 10. Be3 O-O 11. Qe1 Nxd4 12. Bxd4 b5 13. a3 Bb7 14. Qg3 Rad8
15. Rae1 Rd7 16. Bd3 Re8 17. e5 dxe5 18. Bxe5 Qd8 19. Ne4 Nh5 20. Qe3 Nf6 21.
Bxf6 Bxf6 22. Nc5 Bxg2+ 23. Kxg2 Bd4 24. Bxh7+ Kh8 25. Qh3 Bxc5 26. Re5 Bd4 27.
Re4 Bf6 28. Qh5 g6 29. Bxg6+ Kg7 30. Qh7+ Kf8 31. Bh5 Rd2+ 32. Kh1 Bg7 33. Bxf7
Kxf7 34. f5 Rxh2+ 35. Qxh2 Rh8 36. fxe6+ Ke7 37. Rf7+ Ke8 38. Qxh8+ Bxh8 39.
Kg2 Qd5 40. Rff4 Bxb2 41. c4 bxc4 0-1

[Event "4. Match Rusia vs. China 2007"]
[Site "Nizhniy Novgorod RUS"]
[Date "2007.08.28"]
[Round "8"]
[White "Ruan, Lufei"]
[Black "Kosintseva, Tatiana"]
[Result "1-0"]
[WhiteElo "2433"]
[BlackElo "2502"]
[PlyCount "115"]
[EventDate "2007.08.20"]
[EventType "team"]
[EventRounds "10"]
[EventCountry "RUS"]
[Source "lmi"]
[SourceDate "2007.08.18"]

1. e4 c5 2. Nf3 d6 3. d4 cxd4 4. Nxd4 Nf6 5. Nc3 Nc6 6. Bg5 e6 7. Qd2 Be7 8.
O-O-O Qb6 9. Nb3 O-O 10. f3 Rd8 11. Nb5 Rd7 12. Qe1 a6 13. Be3 Qd8 14. N5d4 Qc7
15. g4 Nxd4 16. Bxd4 e5 17. Be3 Rd8 18. Qa5 Qc6 19. Qb6 Bd7 20. Na5 Qxb6 21.
Bxb6 Rdc8 22. g5 Nh5 23. Rg1 Be6 24. Kb1 g6 25. h4 h6 26. b3 hxg5 27. hxg5 Nf4
28. c4 Kg7 29. Rd2 Rh8 30. Bc7 Rh5 31. c5 Bxg5 32. cxd6 Nh3 33. Bxh3 Bxd2 34.
Bxe6 Bxa5 35. Bd5 Bb4 36. Bxb7 Rah8 37. d7 Be7 38. Rd1 Bd8 39. Bxd8 Rxd8 40.
Bxa6 f5 41. exf5 gxf5 42. a4 Kf6 43. Bc8 f4 44. Kc2 e4 45. fxe4 Rc5+ 46. Kb2
Ke5 47. Ra1 Rh8 48. a5 f3 49. b4 Rc4 50. Kb3 Rxe4 51. a6 f2 52. Rf1 Re3+ 53.
Kc4 Re2 54. b5 Kd6 55. a7 Rc2+ 56. Kb4 Ra2 57. b6 Kc6 58. b7 1-0

[Event "4. Match Rusia vs. China 2007"]
[Site "Nizhniy Novgorod RUS"]
[Date "2007.08.29"]
[Round "9"]
[White "Huang Qian"]
[Black "Kosintseva, Tatiana"]
[Result "0-1"]
[WhiteElo "2410"]
[BlackElo "2502"]
[PlyCount "102"]
[EventDate "2007.08.20"]
[EventType "team"]
[EventRounds "10"]
[EventCountry "RUS"]
[Source "lmi"]
[SourceDate "2007.08.18"]

1. d4 Nf6 2. c4 e6 3. Nc3 Bb4 4. Qc2 O-O 5. a3 Bxc3+ 6. Qxc3 d6 7. g3 e5 8.
dxe5 dxe5 9. Bg2 Nc6 10. Be3 Nd4 11. Nf3 Ne4 12. Qd3 Nc5 13. Qd1 Ncb3 14. Bxd4
Nxa1 15. Bxe5 Qxd1+ 16. Kxd1 Rd8+ 17. Kc1 Nb3+ 18. Kc2 Nc5 19. Nd2 Re8 20. Bd4
Bf5+ 21. Kc1 Ne4 22. Bxe4 Bxe4 23. f3 Bg6 24. e4 f5 25. e5 Rad8 26. Bc3 f4 27.
Re1 Rd3 28. gxf4 Bf5 29. Kd1 Re6 30. Ke2 Rh6 31. Rh1 Rh4 32. Nf1 Rxf4 33. Ne3
Rd7 34. Nxf5 Rxf5 35. Rf1 Kf7 36. Ke3 Ke6 37. Rg1 Rh5 38. Rg2 Rf7 39. Ke2 Rh3
40. Rf2 Rf4 41. Ke3 Rxc4 42. Rd2 g5 43. Rd8 g4 44. Re8+ Kf7 45. Rd8 Rxf3+ 46.
Ke2 Rh3 47. Kd2 Rf4 48. Rd7+ Ke6 49. Rxc7 Rf2+ 50. Ke1 Rhxh2 51. Rg7 Rc2 0-1

[Event "4. Match Rusia vs. China 2007"]
[Site "Nizhniy Novgorod RUS"]
[Date "2007.08.29"]
[Round "9"]
[White "Kosintseva, Nadezhda"]
[Black "Ruan, Lufei"]
[Result "1/2-1/2"]
[WhiteElo "2475"]
[BlackElo "2433"]
[PlyCount "148"]
[EventDate "2007.08.20"]
[EventType "team"]
[EventRounds "10"]
[EventCountry "RUS"]
[Source "lmi"]
[SourceDate "2007.08.18"]

1. e4 e5 2. Nf3 Nc6 3. Bb5 Nf6 4. d3 Bc5 5. Bxc6 dxc6 6. O-O Qd6 7. Nbd2 Be6 8.
a3 Nd7 9. b4 Bb6 10. Bb2 f6 11. Nc4 Bxc4 12. dxc4 Qxd1 13. Rfxd1 c5 14. Nd2 Ke7
15. b5 Nf8 16. a4 a5 17. Nf1 g6 18. Ne3 c6 19. Rab1 Rb8 20. Bc3 Nd7 21. Rb3 Bc7
22. Rdb1 Ra8 23. Kf1 Rhb8 24. Nd1 Nb6 25. Nb2 Rc8 26. Bd2 Rcb8 27. Be3 Bd6 28.
Ke2 Ke6 29. f3 h5 30. Ra1 Nd7 31. Rd1 Be7 32. Nd3 Bd6 33. Rdb1 Rg8 34. bxc6
bxc6 35. Rb7 f5 36. g3 Rgf8 37. Bd2 fxe4 38. fxe4 Rfb8 39. Rxb8 Bxb8 40. Rb7
Bd6 41. Nf2 Ra6 42. Nh3 Be7 43. Ng5+ Bxg5 44. Bxg5 Rb6 45. Ra7 Rb4 46. Rxa5
Rxc4 47. Kd3 Rd4+ 48. Ke3 Nb6 49. Ra6 Nc4+ 50. Kf3 Nd6 51. Rxc6 Rxa4 52. Be3
Kd7 53. Rxc5 Rxe4 54. Rd5 Rc4 55. Bc5 Kc6 56. Rxd6+ Kxc5 57. Rxg6 Rxc2 58. h4
Kd5 59. Rg5 Rc3+ 60. Kg2 Kd4 61. Rxh5 e4 62. Rh8 Rc2+ 63. Kh3 e3 64. Re8 Kd3
65. Kg4 Rh2 66. h5 e2 67. Kg5 Rh3 68. Rxe2 Kxe2 69. h6 Kf3 70. Kg6 Rxg3+ 71.
Kf7 Rh3 72. Kg7 Rg3+ 73. Kf7 Rh3 74. Kg7 Rg3+ 1/2-1/2

[Event "4. Match Rusia vs. China 2007"]
[Site "Nizhniy Novgorod RUS"]
[Date "2007.08.29"]
[Round "9"]
[White "Timofeev, Artyom"]
[Black "Ni Hua"]
[Result "1/2-1/2"]
[WhiteElo "2650"]
[BlackElo "2681"]
[PlyCount "109"]
[EventDate "2007.08.20"]
[EventType "team"]
[EventRounds "10"]
[EventCountry "RUS"]
[Source "lmi"]
[SourceDate "2007.08.18"]

1. e4 e5 2. Nf3 Nc6 3. Bb5 Nf6 4. O-O Nxe4 5. d4 Nd6 6. Bxc6 dxc6 7. dxe5 Nf5
8. Qxd8+ Kxd8 9. Nc3 Ne7 10. h3 h6 11. Be3 Ng6 12. Rad1+ Ke8 13. a3 Be7 14.
Rfe1 Bd7 15. Ne4 Nh4 16. Nxh4 Bxh4 17. Bd4 Be6 18. Nc5 b6 19. Nxe6 fxe6 20. g3
Be7 21. Kg2 Rd8 22. f4 g6 23. Kf3 a5 24. a4 h5 25. Ke4 Rh7 26. Be3 Rd5 27. c4
Rxd1 28. Rxd1 c5 29. b3 Rh8 30. Rd3 Rh7 31. Bf2 Rh8 32. Re3 Rh7 33. Rf3 Rh8 34.
g4 hxg4 35. hxg4 Rh1 36. f5 gxf5+ 37. gxf5 exf5+ 38. Kd5 Rh5 39. Be3 Kd7 40.
e6+ Kc8 41. Kc6 Bd6 42. Bf4 Bxf4 43. Rxf4 Kd8 44. e7+ Kxe7 45. Kxc7 Rh3 46.
Kxb6 Rxb3+ 47. Kxc5 Ke6 48. Rf1 Rb4 49. Re1+ Kd7 50. Kd5 Rxa4 51. Rf1 Ra2 52.
Rxf5 Rh2 53. Rf7+ Kc8 54. c5 Rh6 55. c6 1/2-1/2

[Event "4. Match Rusia vs. China 2007"]
[Site "Nizhniy Novgorod RUS"]
[Date "2007.08.29"]
[Round "9"]
[White "Wang Yu"]
[Black "Kovalevskaya, Ekaterina"]
[Result "1/2-1/2"]
[WhiteElo "2384"]
[BlackElo "2454"]
[PlyCount "60"]
[EventDate "2007.08.20"]
[EventType "team"]
[EventRounds "10"]
[EventCountry "RUS"]
[Source "lmi"]
[SourceDate "2007.08.18"]

1. e4 e5 2. Nc3 Nf6 3. Bc4 Bb4 4. d3 c6 5. Bd2 d5 6. Bb3 Bg4 7. Nge2 O-O 8. f3
Be6 9. O-O a5 10. Bg5 Be7 11. Kh1 Nbd7 12. exd5 cxd5 13. d4 exd4 14. Nxd4 Nc5
15. Na4 Nfd7 16. Nxc5 Nxc5 17. Bxe7 Qxe7 18. c3 Nxb3 19. axb3 Bd7 20. Re1 Qd6
21. Qd2 b5 22. Rad1 a4 23. bxa4 bxa4 24. Nc2 Qb6 25. Nb4 Be6 26. Qd4 Qxd4 27.
Rxd4 a3 28. bxa3 Rxa3 29. Nxd5 Bxd5 30. Rxd5 Rxc3 1/2-1/2

[Event "4. Match Rusia vs. China 2007"]
[Site "Nizhniy Novgorod RUS"]
[Date "2007.08.29"]
[Round "9"]
[White "Zhao Xue"]
[Black "Korbut, Ekaterina"]
[Result "1/2-1/2"]
[WhiteElo "2500"]
[BlackElo "2445"]
[PlyCount "99"]
[EventDate "2007.08.20"]
[EventType "team"]
[EventRounds "10"]
[EventCountry "RUS"]
[Source "lmi"]
[SourceDate "2007.08.18"]

1. c4 c5 2. Nf3 Nf6 3. Nc3 g6 4. e4 d6 5. d4 cxd4 6. Nxd4 Nc6 7. Be2 Nxd4 8.
Qxd4 Bg7 9. Bg5 O-O 10. Qd2 Be6 11. Rc1 Qa5 12. f3 Rfc8 13. b3 a6 14. Na4 Qxd2+
15. Kxd2 Nd7 16. g4 f6 17. Be3 f5 18. gxf5 gxf5 19. Rhg1 Kh8 20. Nc3 fxe4 21.
fxe4 Be5 22. Nd5 Bxd5 23. exd5 Nf6 24. Bd3 b5 25. h3 bxc4 26. bxc4 Rcb8 27. Rb1
Nd7 28. Rxb8+ Rxb8 29. Rb1 Rxb1 30. Bxb1 Bf6 31. Bd3 Nc5 32. Bf5 Kg7 33. Kc2 h5
34. Bc8 a5 35. Bf5 h4 36. Bd2 a4 37. Be3 Kf7 38. Bd2 Be5 39. Bg5 Bf6 40. Be3
Be5 41. a3 e6 42. Bg4 exd5 43. cxd5 Kf6 44. Bxc5 dxc5 45. Bd7 Bd6 46. Bxa4 c4
47. Kb2 Ke5 48. Bc6 c3+ 49. Kb3 c2 50. Kxc2 1/2-1/2

[Event "4. Match Rusia vs. China 2007"]
[Site "Nizhniy Novgorod RUS"]
[Date "2007.08.30"]
[Round "10"]
[White "Korbut, Ekaterina"]
[Black "Ruan, Lufei"]
[Result "1-0"]
[WhiteElo "2445"]
[BlackElo "2433"]
[PlyCount "105"]
[EventDate "2007.08.20"]
[EventType "team"]
[EventRounds "10"]
[EventCountry "RUS"]
[Source "lmi"]
[SourceDate "2007.08.18"]

1. e4 e5 2. Nf3 Nc6 3. Bb5 Nf6 4. d3 Bc5 5. Bxc6 dxc6 6. h3 Qd6 7. Nbd2 Be6 8.
Ng5 h6 9. Nxe6 Qxe6 10. Qe2 Nd7 11. Nc4 O-O-O 12. O-O g5 13. Be3 Kb8 14. a4 h5
15. Bxc5 Nxc5 16. b4 Nd7 17. b5 c5 18. Ne3 Nf8 19. Nf5 Qf6 20. c3 Ng6 21. Qe3
g4 22. h4 Nxh4 23. Nxh4 Qxh4 24. Qxc5 Qf6 25. Rad1 h4 26. d4 exd4 27. Rxd4 h3
28. Rfd1 b6 29. Rxd8+ Rxd8 30. Rxd8+ Qxd8 31. Qf5 Qd1+ 32. Kh2 hxg2 33. Kxg2
Qxa4 34. Kg3 Qd1 35. Kh4 Qg1 36. Qxf7 Qh1+ 37. Kxg4 Qxe4+ 38. f4 Qe2+ 39. Kh4
Qf2+ 40. Kg5 Qg3+ 41. Kh6 Qh4+ 42. Kg7 Qg3+ 43. Kf8 Qxc3 44. f5 a5 45. bxa6 b5
46. Qe8+ Ka7 47. Qxb5 Qh8+ 48. Ke7 Qg7+ 49. Kd8 Qg5+ 50. Kc8 Qg8+ 51. Kxc7 Qg7+
52. Qd7 Qe5+ 53. Kc6+ 1-0

[Event "4. Match Rusia vs. China 2007"]
[Site "Nizhniy Novgorod RUS"]
[Date "2007.08.30"]
[Round "10"]
[White "Kosintseva, Nadezhda"]
[Black "Huang Qian"]
[Result "1/2-1/2"]
[WhiteElo "2475"]
[BlackElo "2410"]
[PlyCount "86"]
[EventDate "2007.08.20"]
[EventType "team"]
[EventRounds "10"]
[EventCountry "RUS"]
[Source "lmi"]
[SourceDate "2007.08.18"]

1. e4 c5 2. Nf3 d6 3. d4 cxd4 4. Nxd4 Nf6 5. Nc3 a6 6. Be3 e5 7. Nf3 Be7 8. Bc4
O-O 9. O-O Nc6 10. Re1 Na5 11. Bf1 Be6 12. Nd5 Nc6 13. c3 Rc8 14. Bb6 Qd7 15.
a4 Bd8 16. Bxd8 Qxd8 17. Nxf6+ gxf6 18. Nh4 Kh8 19. Qh5 Ne7 20. Rad1 Rg8 21.
Qf3 Ng6 22. Nf5 Rc6 23. c4 Bxf5 24. exf5 Ne7 25. b4 Rc7 26. b5 axb5 27. axb5 d5
28. cxd5 Qd6 29. Rc1 Rxc1 30. Rxc1 Rc8 31. Rxc8+ Nxc8 32. g3 Qc5 33. h4 Nd6 34.
Qd3 Kg7 35. Qd1 h6 36. Kg2 Kf8 37. g4 Kg7 38. Qd2 Ne4 39. Qa2 Nd6 40. Qd2 Ne4
41. Qa2 Nd6 42. Qd2 Ne4 43. Qa2 Nd6 1/2-1/2